Korotko z regionu obrazy vyklykaly interes

Bibliographic Details
Main Author: -jj- (Author)
Format: Article
Language:Slavic languages
Subjects:

MARC

LEADER 00000nab a2200000 a 4500
001 vtls000845665
003 SK-MaSNL
005 20260318122350.0
008 240612c2003 xo 0 sla
015 |a SNBRB2003/09-25042 
035 |a CLN000197320 
040 |a SNKBUCL  |b slo  |c SNKBUCL  |e AACR2 
041 0 |a sla  |a rue 
044 |a xo  |c SK 
080 |a 75.071.1:061.4  |2 UDC-MRF-SK2 
080 |a 069.013(437.6)  |2 UDC-MRF-SK2 
080 |a 929 Smolák, Andrej  |2 UDC-MRF-SK2 
100 0 |a -jj-  |4 aut  |9 845444 
245 1 0 |a Korotko z regionu  |b obrazy vyklykaly interes  |c [avtor] -jj- 
600 1 7 |a Smolák, Andrej,  |d 1953-  |2 snkbucl  |9 257723 
610 2 7 |a Galéria MIRO (Snina, Slovensko)  |2 snkbucl  |9 32566 
648 7 |a 2003  |2 SNK  |9 301018 
651 7 |a 709  |2 snkbucl  |9 529536 
651 7 |a 520802  |2 snkbucl  |9 851906 
655 7 |a články z novín a časopisov  |2 snkbucl  |9 267496 
773 0 |t Narodny novynky  |g Roč. 13, č. 21-23 (2003), s. 6 
850 |a Slovenská národná knižnica v Martine 
852 |a SNK  |b KIS3GCP 
958 |a RN 
958 |a SK 
958 |a BX 
958 |a RBX 
999 |c 3080149  |d 3082079